| 000 | 00000nam##2200000za#4500 |
| 001 | 9.626580 |
| 003 | CaOODSP |
| 005 | 20210615104611 |
| 007 | ta |
| 008 | 150406|2004||||xxc||||| f|0| 0 fre|d |
| 020 | |a0-662-76466-8 |
| 040 | |aCaOODSP|bfre |
| 043 | |an-cn--- |
| 086 | 1 |aEn49-31/1-5F |
| 110 | 1 |aCanada. |bEnvironnement Canada. |bService de la protection de l'environnement. |
| 245 | 10|aCode de pratique pour la gestion environnementale des sels de voirie |
| 260 | |aOttawa - Ontario : |bEnvironnement Canada. |c2004. |
| 300 | |a18p. : |bfigures, ill. ; |c28 cm. |
| 490 | 1 |aRapports du service de la protection de l'environnement. [Produits chimiques commerciaux] |vSPE 1/CC/5 |
| 500 | |aEn tête du titre: Loi canadienne sur la protection de l'environnement (1999) [LCPE (1999)]. |
| 520 | 3 |aL’objectif principal du code de pratique est d’assurer la protection de l’environnement tout en maintenant la sécurité routière. |
| 563 | |aCouverture souple |
| 590 | |a04-19|b2004-05-07 |
| 775 | 08|tCode of practice for the environmental management of road salts |w(CaOODSP)9.616812 |
| 776 | 0#|tSels de voirie : |w(CaOODSP)9.591676 |
| 830 | #0|aRapports du service de la protection de l'environnement. [Produits chimiques commerciaux]|vSPE 1/CC/5|w(CaOODSP)9.513537 |